书目信息 |
| 题名: |
天使爱美丽
|
|
| 作者: | 罗成群 , 贺全勇 编著 | |
| 分册: | ||
| 出版信息: | 长沙 湖南科学技术出版社 2005.09 |
|
| 页数: | 10, 213页 | |
| 开本: | 21cm | |
| 丛书名: | ||
| 单 册: | ||
| 中图分类: | R622 | |
| 科图分类: | ||
| 主题词: | 美容术--mei rong shu--基本知识 | |
| 电子资源: | ||
| ISBN: | 7-5357-4391-9 | |
| 000 | 00910nam0 2200241 450 | |
| 001 | 012006331593 | |
| 005 | 20060418081023.25 | |
| 010 | @a7-5357-4391-9@dCNY25.00 | |
| 100 | @a20060418d2005 km y0chiy0120 ea | |
| 101 | 0 | @achi |
| 102 | @aCN@b430000 | |
| 105 | @aa z 000yy | |
| 200 | 1 | @a天使爱美丽@Atian shi ai mei li@e医疗美容知识进修课堂@f罗成群, 贺全勇编著@Fluo cheng qun,he quan yong bian zhu |
| 210 | @a长沙@c湖南科学技术出版社@d2005.09 | |
| 215 | @a10, 213页@c图@d21cm | |
| 330 | @a本书内容包括:“美”为何物、爱美者如何择医、精心塑造“美人头”、“雕塑”当代的“维纳斯”、再现青春活力、人工组织以假乱真等。 | |
| 517 | 1 | @a医疗美容知识进修课堂@Ayi liao mei rong zhi shi jin xiu ke tang |
| 606 | 0 | @a美容术@Amei rong shu@x基本知识 |
| 690 | @aR622@v4 | |
| 701 | 0 | @a罗成群@Aluo cheng qun@4编著 |
| 701 | 0 | @a贺全勇@Ahe quan yong@4编著 |
| 801 | 0 | @aCN@bQSSK@c20060418 |
| 905 | @a10447@dR622@eL935 | |
| 天使爱美丽:医疗美容知识进修课堂/罗成群, 贺全勇编著.-长沙:湖南科学技术出版社,2005.09 |
| 10, 213页:图;21cm |
| ISBN 7-5357-4391-9:CNY25.00 |
| 本书内容包括:“美”为何物、爱美者如何择医、精心塑造“美人头”、“雕塑”当代的“维纳斯”、再现青春活力、人工组织以假乱真等。 |
| ● |
| 相关链接 |
|
|
|
正题名:天使爱美丽
索取号:R622/L935
 
预约/预借
| 序号 | 登录号 | 条形码 | 馆藏地/架位号 | 状态 | 备注 |
| 1 | 558213 | 205582136 | 自科库401/401自科库 19排3列2层/ [索取号:R622/L935] | 在馆 | |
| 2 | 558214 | 205582145 | 自科库401/401自科库 16排2列1层/ [索取号:R622/L935] | 在馆 | |
| 3 | 558215 | 205582154 | 自科库401/401自科库 19排3列2层/ [索取号:R622/L935] | 在馆 |